Confessions of another young man /

Bibliographic Details
Main Author: Imbs, Bravig, 1904-1946
Format: Book
Language:English
Published: New York : The Henkle-Yewdale House, [1936]
Subjects:

MARC

Tag First Indicator Second Indicator Subfields
LEADER 00000cam a2200000 4500
001 in00000154730
005 20151008065834.0
008 750805s1936 nyu 00010 eng d
010 |a  36017990  
035 |a (OCoLC)01512854 
035 |9 AAS1423AM 
040 |a SOI  |c SOI  |d TXA  |d UtOrBLW 
049 |a TXAM  |c [715957] 
090 |a PS3517.M3  |b C6 1936 
100 1 |a Imbs, Bravig,  |d 1904-1946. 
245 1 0 |a Confessions of another young man /  |c by Bravig Imbs. 
264 1 |a New York :  |b The Henkle-Yewdale House,  |c [1936] 
264 4 |c [©1936] 
300 |a 302 pages ;  |c 20 cm. 
336 |a text  |b txt  |2 rdacontent 
337 |a unmediated  |b n  |2 rdamedia 
338 |a volume  |b nc  |2 rdacarrier 
505 0 |a 1. The sweet and violent George Antheil.--2. In love with genius: Gertrude Stein. 
600 1 0 |a Antheil, George,  |d 1900-1959. 
600 1 0 |a Stein, Gertrude,  |d 1874-1946. 
651 0 |a Paris (France)  |x Intellectual life. 
999 |a MARS 
999 f f |s 53c1614c-fc56-3d30-aec7-66ab7a1be32b  |i e9e2c201-e418-3e72-aaf8-f3f4859054c5  |t 0 
952 f f |p ric  |a Texas A&M University  |b Rellis Campus  |c Joint Library Facility  |d Remote Storage  |t 0  |e PS3517.M3 C6 1936  |h Library of Congress classification  |i unmediated -- volume  |m A14804093612 
998 f f |a PS3517.M3 C6 1936  |t 0  |l Remote Storage